000 00515nam a2200205Ia 4500
003 OSt
005 20230429123700.0
008 210423s2013 xx 000 0 und d
020 _a9789325963085
040 _cAL
041 _aeng
082 _a658.152
_223
_bPANP
100 _aPANDIAN (Punithavathy).
_995365
245 _aSecurity analysis and portfolio management.
250 _a2
260 _aNew Delhi
_bVikas Publications
_c2013
300 _axviii,559
_bPB
365 _b395
_cINR
942 _2ddc
_cBK
999 _c161368
_d161368